[Event "Vantaa op"]
[Site "Vantaa"]
[Date "1999.??.??"]
[Round "2"]
[White "Paasikangas, Johanna"]
[Black "Martynov, Pavel"]
[Result "0-1"]
[WhiteElo "2279"]
[BlackElo "2455"]

1.d4 Nf6 2.Bg5 Ne4 3.h4 d5 4.Nd2 Nxg5 5.hxg5 Nc6 6.Ngf3 Bg4 7.c3 e6 8.e4 Be7
9.Qb3 Rb8 10.g6 fxg6 11.Nh2 Bh5 12.g4 Bg5 13.O-O-O O-O 14.gxh5 Rxf2 15.hxg6 h5
16.Bh3 Qd6 17.Nf1 Na5 18.Qb4 Qa6 19.Bxe6+ Qxe6 20.Qxa5 c6 21.Rg1 Bf4 22.Kb1 h4
23.c4 dxe4 24.Qh5 Bh6 25.Re1 Qh3 26.Rg3 Qh1 27.Qe5 Rbf8 28.Qe6+ Kh8 29.Rh3 Qg1
30.Rxh4 R2f6 31.Qxe4 Rxg6 32.Rh1 Qf2 33.Qxg6 Qxe1+ 34.Kc2 Qe7 35.Ng3 Rf6
36.Qe4 Re6 37.Qd3 Re3  0-1

[Event "JUG-chT"]
[Site "Vrnjacka Banja"]
[Date "1999.??.??"]
[Round "9"]
[White "Djukic, Zeljko"]
[Black "Stankovic, Dragan"]
[Result "1/2-1/2"]
[WhiteElo "2388"]
[BlackElo "2318"]

1.d4 Nf6 2.Bg5 Ne4 3.Bf4 d5 4.Nd2 Nxd2 5.Qxd2 Bf5 6.e3 e6 7.Bd3 Bxd3 8.Qxd3 c6
9.Nf3 Bd6 10.Bxd6 Qxd6 11.O-O Nd7 12.c4 O-O 13.e4 dxc4 14.Qxc4 Qf4 15.Rfe1 e5  1/2-1/2

[Event "Zagreb op"]
[Site "Zagreb"]
[Date "1999.??.??"]
[Round "6"]
[White "Klaric, Zlatko"]
[Black "Devide, Zoran"]
[Result "1-0"]
[WhiteElo "2425"]
[BlackElo "2245"]

1.d4 Nf6 2.Bg5 Ne4 3.Bf4 c5 4.d5 Qb6 5.Nc3 Qf6 6.Nxe4 Qxf4 7.Qd3 d6 8.g3 Qe5
9.Nc3 g6 10.f4 Qf6 11.Nf3 Bg7 12.Qb5+ Nd7 13.Bh3 a6 14.Bxd7+ Bxd7 15.Qxb7 Rd8
16.Qxa6 O-O 17.O-O Rb8 18.Rab1 Bh3 19.Rfe1 Bf5 20.e4 Bg4 21.Qd3 c4 22.Qe3 Bxf3
23.Qxf3 Qd4+ 24.Kg2 Rxb2 25.Rxb2 Qxc3 26.Rbb1 Qxc2+ 27.Qe2 Qa4 28.Rb7 c3
29.Rc7 Bd4 30.Rc4 Qa7 31.Qd3 Bc5 32.Re2 Rb8 33.Rxc3 Rb4 34.Rc4 Rb6 35.e5 Qb7
36.f5 Rb1 37.fxg6 hxg6 38.e6 Rg1+ 39.Kh3 Kg7 40.exf7 Qc8+ 41.Re6 Kxf7 42.Qxg6+ Kf8
43.Rf4+  1-0

[Event "107th ch-NZL"]
[Site "Auckland NZL"]
[Date "2000.01.02"]
[Round "5"]
[White "Ker,A"]
[Black "Kulashko,A"]
[Result "0-1"]
[WhiteElo "2321"]
[BlackElo "2396"]

1.d4 Nf6 2.Bg5 Ne4 3.Bf4 c5 4.f3 Qa5+ 5.c3 Nf6 6.d5 d6 7.e4 g6 8.Na3 Bg7
9.Qd2 Nbd7 10.Nh3 h6 11.Nc4 Qc7 12.a4 g5 13.Be3 Nh5 14.g4 Nhf6 15.Nf2 Nb6
16.h4 Nxc4 17.Bxc4 gxh4 18.Rxh4 Nd7 19.Bxh6 Ne5 20.Be2 Bd7 21.Rh5 Bxh6 22.Rxh6 Rxh6
23.Qxh6 O-O-O 24.a5 c4 25.Qe3 Kb8 26.Kd2 Rh8 27.f4 Ng6 28.Nd1 e5 29.dxe6 fxe6
30.Nf2 e5 31.f5 Nf4 32.a6 Ng2 33.Qf3 Qb6 34.Nd1 Nf4 35.Qe3 Rh2 36.Qxb6 Rxe2+
37.Kc1 axb6 38.a7+ Ka8 39.g5 Rxe4 40.g6 Bxf5 41.g7 Bh7  0-1

[Event "ch-AUS"]
[Site "Mingara NSW AUS"]
[Date "2000.01.02"]
[Round "5"]
[White "Depasquale,C"]
[Black "Canfell,G"]
[Result "1-0"]
[WhiteElo "2305"]
[BlackElo "2280"]

1.d4 Nf6 2.Bg5 Ne4 3.Bf4 d6 4.f3 Nf6 5.e4 g6 6.Nc3 Nc6 7.Bb5 a6 8.Bxc6+ bxc6
9.Qd2 Rb8 10.O-O-O h6 11.Nge2 Bg7 12.Be3 Bd7 13.Nf4 e6 14.Nd3 Rb7 15.g4 Qb8
16.h4 h5 17.g5 Ng8 18.e5 Ne7 19.Ne4 Nf5 20.c3 a5 21.Bf4 a4 22.exd6 cxd6 23.Ndc5 Ra7
24.Nxd6+ Nxd6 25.Qh2 a3 26.b4 Qb5 27.Bxd6 Qc4 28.Ne4 Rb7 29.Bc5 Bf8 30.Bxf8 Kxf8
31.Rd2 Rb5 32.Qd6+ Kg7 33.Qxd7 Rxb4 34.Rc2 Rhb8 35.cxb4 Qxb4 36.Nd2 Qa4 37.Qxc6 Rb5
38.Nb3  1-0

[Event "107th ch-NZL"]
[Site "Auckland NZL"]
[Date "2000.01.06"]
[Round "9"]
[White "Ker,A"]
[Black "Van Riemsdijk,H"]
[Result "1/2-1/2"]
[WhiteElo "2321"]
[BlackElo "2422"]

1.d4 Nf6 2.Bg5 Ne4 3.Bh4 g5 4.f3 gxh4 5.fxe4 c5 6.e3 Bh6 7.Kf2 cxd4 8.exd4 Nc6
9.Nf3 e5 10.c3 exd4 11.cxd4 Qb6 12.Qb3 Bc1 13.Qxb6 axb6 14.a4 Bxb2 15.Ra2 Bxd4+
16.Nxd4 Nxd4 17.Nc3 d6 18.Rd2 Nb3 19.Rxd6 O-O 20.Bb5 Be6 21.Rhd1 Rac8 22.Ne2 Rc2
23.Rxb6 Nc5 24.Ke3 Rb2 25.Rbd6 Bb3 26.R1d4 Ra2 27.e5 Ra3 28.Kf2 Bxa4 29.Rg4+ Kh8
30.Bxa4 Rxa4 31.Rxa4 Nxa4 32.Rd7 Nc5 33.Rc7 b6 34.Nf4 Ne6 35.Nxe6 fxe6+ 36.Ke3 Rf5
37.Ke4 Rf2 38.Re7 Rxg2 39.Rxe6 Rxh2  1/2-1/2

[Event "Bundesliga 1999-2000"]
[Site "Delmenhorst GER"]
[Date "2000.01.08"]
[Round "7"]
[White "Hodgson,Ju"]
[Black "Babula,V"]
[Result "0-1"]
[WhiteElo "2625"]
[BlackElo "2573"]

1.d4 Nf6 2.Bg5 Ne4 3.Bf4 c5 4.f3 Qa5+ 5.c3 Nf6 6.Nd2 cxd4 7.Nb3 Qd8 8.cxd4 d5
9.e3 e6 10.Rc1 Nc6 11.Bb5 Bd7 12.Ne2 Bb4+ 13.Kf2 Qb6 14.Bd3 O-O 15.g4 Rfe8
16.a3 Bf8 17.Bg5 Qd8 18.h4 e5 19.Nc3 Be6 20.dxe5 Nxe5 21.Bb5 Nc6 22.Nd4 Rc8
23.Qa4 h6 24.Bf4 Qb6 25.Nce2 Bd7 26.b4 a6 27.Bxc6 bxc6 28.Qd1 a5 29.Ng3 g6
30.g5 hxg5 31.hxg5 Nh7 32.Rh4 Bg7 33.Nge2 axb4 34.Qh1 Nf8 35.Qh2 f5 36.gxf6 Bxf6
37.Rh1 c5 38.Rh8+ Kf7 39.Bd6 cxd4 40.Qf4 dxe3+ 41.Kg2 Rc4 42.Qg3 Rc2 43.R1h7+ Nxh7
44.Rxh7+ Bg7  0-1

[Event "ch-CRO"]
[Site "Pula CRO"]
[Date "2000.01.12"]
[Round "6"]
[White "Golubovic,B"]
[Black "Feletar,D"]
[Result "1-0"]
[WhiteElo "2457"]
[BlackElo "2411"]

1.d4 Nf6 2.Bg5 Ne4 3.Bf4 c5 4.f3 Qa5+ 5.c3 Nf6 6.Nd2 cxd4 7.Nb3 Qf5 8.Bxb8 Rxb8
9.Qxd4 b6 10.e4 Qf4 11.Nh3 Qc7 12.e5 Ng8 13.Nd2 f6 14.f4 Nh6 15.exf6 gxf6
16.Bd3 Qc5 17.Qe4 Ng4 18.O-O-O f5 19.Qe2 Qe3 20.Rde1 Qxe2 21.Rxe2 Nh6 22.Ng5 e6
23.Ndf3 Bd6 24.g3 a6 25.Rhe1 O-O 26.Rd2 Be7 27.Bc2 Rb7 28.h3 Nf7 29.Nxf7 Rxf7
30.Ne5 Rg7 31.g4 fxg4 32.hxg4 Bf6 33.g5 Bxe5 34.Rxe5 Rc7 35.Rd6 Rb7 36.Re2 Kf8
37.Kd2 Ke7 38.Rd3 Rc7 39.Rh2 Rc4 40.Rd4 Rxd4+ 41.cxd4 d6 42.Ke3 e5 43.dxe5 dxe5
44.Rxh7 Rxh7 45.Bxh7 exf4+ 46.Kxf4 Be6 47.a3 Bb3 48.Bd3 a5 49.Kf5 Kf7 50.Ke5 Ke7
51.g6 Be6 52.Be4  1-0

[Event "VII Anibal Open"]
[Site "Linares ESP"]
[Date "2000.01.13"]
[Round "7"]
[White "Sargissian,G"]
[Black "Hauchard,A"]
[Result "1/2-1/2"]
[WhiteElo "2470"]
[BlackElo "2518"]

1.d4 Nf6 2.Bg5 Ne4 3.Bf4 c5 4.f3 Qa5+ 5.c3 Nf6 6.Nd2 cxd4 7.Nb3 Qb6 8.Qxd4 Qxd4
9.cxd4 Nc6 10.e4 d5 11.e5 Nd7 12.Rc1 Nb6 13.Bb5 Bd7 14.e6 fxe6 15.Bxc6 Bxc6
16.Nc5 Na4 17.Nxa4 Bxa4 18.Nh3 Bc6 19.Be5 Rg8 20.Nf2 g6 21.Nd3 Bh6 22.f4 g5
23.fxg5 Bxg5 24.Rc3 Bf6 25.O-O Rg4 26.Bxf6 exf6 27.Rxf6 Ke7 28.Rf4 Rag8 29.g3 Kd6
30.Kf2 Rxf4+ 31.Nxf4 a5 32.Re3 Bd7 33.Ke2 Rc8 34.Rc3 Rf8 35.Nd3 Bb5 36.Rb3 Kc6
37.Ke3 Bxd3 38.Rxd3 Rf6 39.Ke2 Rf5 40.Rc3+ Kd6 41.Rb3 Kc6 42.Rf3 Rh5 43.h4 Rh6
44.Rf7 Rg6 45.Kf3 h5 46.Rh7 Rg4 47.Rxh5 Rxd4 48.Rg5 Rd2 49.h5 Kd6 50.g4 Rd3+
51.Kg2 Rd2+ 52.Kg3 Rd3+ 53.Kh2 Rd2+ 54.Kg3 Rd3+ 55.Kf2 Rd2+ 56.Ke1 Rh2 57.Rg6 d4
58.h6 d3 59.g5 Ke5 60.Rf6 Rh5 61.Rf2 Rxg5 62.Rh2 Rg8 63.h7 Rh8 64.Kd2 a4
65.Kxd3 Kd5 66.Rh5+ e5 67.Ke3 b5 68.Rh4 b4  1/2-1/2

[Event "1st Fraenkische GM"]
[Site "Pulvermuele GER"]
[Date "2000.01.18"]
[Round "6"]
[White "Wells,P"]
[Black "Hamdouchi,H"]
[Result "1/2-1/2"]
[WhiteElo "2483"]
[BlackElo "2513"]

1.d4 Nf6 2.Bg5 Ne4 3.Bf4 c5 4.f3 Qa5+ 5.c3 Nf6 6.d5 e6 7.e4 d6 8.dxe6 Bxe6
9.Na3 Nc6 10.Nc4 Bxc4 11.Bxc4 Be7 12.Qb3 O-O 13.Qxb7 Rab8 14.Qxc6 Rxb2 15.Rc1 Rb6
16.Qc7 Bd8 17.Qc8 d5 18.exd5 Qa4 19.Qxc5 Re8+ 20.Kf1 Nd7 21.Qd4 Rb2 22.Bb3 Qa3
23.Nh3 Bb6 24.Qb4 Qa6+ 25.c4 Nc5 26.Re1 Qc8 27.Bg3 Nd3 28.Qc3 Nxe1 29.Qxb2 Nxf3
30.d6 Qf5 31.gxf3 Qxf3+ 32.Nf2 Bxf2 33.Qxf2 Qxh1+ 34.Qg1 Qf3+ 35.Qf2 Qh1+
36.Qg1 Qf3+  1/2-1/2

[Event "Israeli League"]
[Site "Ramat Aviv ISR"]
[Date "2000.01.21"]
[Round "2"]
[White "Rabinovich,Al"]
[Black "Bruk,O"]
[Result "1/2-1/2"]
[WhiteElo "2406"]
[BlackElo "2398"]

1.d4 Nf6 2.Bg5 Ne4 3.Bf4 d5 4.e3 e6 5.Bd3 Bd6 6.c3 O-O 7.Qc2 Nf6 8.Nf3 c5
9.Nbd2 Bxf4 10.exf4 cxd4 11.Nxd4 Qc7 12.g3 e5 13.fxe5 Qxe5+ 14.Be2 Nc6 15.N2f3 Nxd4
16.Nxd4 Ne4 17.f3 Nd6 18.O-O-O Bd7 19.Bd3 Qh5 20.g4 Qh6+ 21.Kb1 Nc4 22.Bxc4 dxc4
23.h4 Qg6 24.h5 Qxc2+ 25.Nxc2 Rfd8 26.h6 gxh6 27.Nd4 Ba4 28.Rde1 Re8 29.Kc1 Rxe1+
30.Rxe1 Re8 31.Rh1 Re5 32.b3 cxb3 33.axb3 Bd7 34.Rxh6 Rd5 35.Kd2 Kg7 36.Rh1 a5
37.Kd3 h6 38.c4 Rg5  1/2-1/2

[Event "4NCL"]
[Site "Birmingham ENG"]
[Date "2000.01.22"]
[Round "5"]
[White "Dishman,S"]
[Black "Tebb,D"]
[Result "1/2-1/2"]
[WhiteElo "2364"]
[BlackElo "2272"]

1.d4 Nf6 2.Bg5 Ne4 3.Bf4 c5 4.f3 Qa5+ 5.c3 Nf6 6.Nd2 cxd4 7.Nb3 Qb6 8.Qxd4 Nc6
9.Qxb6 axb6 10.Nd4 Ra5 11.e4 e5 12.Nxc6 dxc6 13.Be3 Be6 14.a3 Nd7 15.Ne2 b5
16.Nc1 b4 17.cxb4 Bxb4+ 18.Kf2 O-O 19.Nd3 Be7 20.Be2 f5 21.exf5 Bxf5 22.b4 Raa8
23.Rhc1 e4 24.Nc5 exf3 25.Nxd7 Bxd7 26.Bxf3 Bf6 27.Ra2 Be6 28.Re2 Bd5 29.Bc5 Bh4+
30.Kg1 Bxf3 31.gxf3 Rxf3 32.Rd1 Rfxa3 33.Rd7 Ra1+ 34.Kg2 R1a2 35.Rxa2 Rxa2+
36.Kh3 Bf6 37.Rxb7 Be5 38.Bg1 h5 39.b5 cxb5 40.Rxb5 Re2 41.Rb1 Kh7 42.Rf1 g5
43.Bf2 g4+ 44.Kg2 h4 45.Kg1 Kg6 46.Kh1 g3 47.hxg3 hxg3 48.Kg2 Ra2 49.Kf3 gxf2
50.Rxf2 Ra4 51.Rf1 Kf5 52.Ke3+ Bf4+ 53.Kd3 Ke5 54.Rb1 Rd4+ 55.Ke2 Ke4 56.Rh1 Ra4
57.Rh3 Ra2+ 58.Kf1 Be3 59.Rh4+ Kd3 60.Rb4 Rf2+ 61.Ke1 Rc2 62.Kf1 Rf2+ 63.Ke1 Rg2
64.Rb3+ Ke4 65.Rb4+ Kf3 66.Kd1 Rd2+ 67.Ke1 Rd3 68.Rb2 Bd4 69.Rb1 Be3 70.Rb2 Rd4
71.Rh2 Bf4 72.Rf2+ Ke3 73.Re2+ Kf3 74.Rf2+ Ke4 75.Re2+ Be3 76.Rh2 Rc4 77.Rh4+ Bf4
78.Rh3 Rc1+ 79.Ke2 Rg1 80.Kf2 Rg4 81.Ra3 Be5 82.Re3+ Kd4 83.Ra3 Ke4 84.Re3+ Kf5
85.Rf3+ Bf4 86.Rh3  1/2-1/2

[Event "Keres Mem (Rapid)"]
[Site "Tallinn EST"]
[Date "2000.01.22"]
[Round "2"]
[White "Rausis,I"]
[Black "Ivanchuk,V"]
[Result "0-1"]
[WhiteElo "2486"]
[BlackElo "2709"]

1.d4 Nf6 2.Bg5 Ne4 3.Bh4 c5 4.Nd2 Nxd2 5.Qxd2 cxd4 6.Nf3 Nc6 7.Nxd4 g6 8.Nxc6 bxc6
9.Qc3 Rg8 10.e4 Bg7 11.e5 Qc7 12.f4 d6 13.O-O-O dxe5 14.Bb5 Bb7 15.Rhe1 e4
16.Qc5 f5 17.Bc4 Rf8 18.Be6 Qxf4+ 19.Kb1 Qxh4 20.Bd7+ Kf7 21.Qc4+ Kf6 22.g3 Qg4
23.h4 Bh8 24.Qe6+ Kg7 25.Qxe7+ Rf7 26.Qe5+ Kh6 27.Qc7 Bc8 28.Qxc6 Rb8 29.Bxc8 Rxb2+
30.Kc1 Qxg3 31.Be6 Rc7  0-1

[Event "V Ubeda Open"]
[Site "Ubeda ESP"]
[Date "2000.01.23"]
[Round "5"]
[White "Sargissian,G"]
[Black "Hauchard,A"]
[Result "1/2-1/2"]
[WhiteElo "2442"]
[BlackElo "2513"]

1.d4 Nf6 2.Bg5 Ne4 3.Bf4 c5 4.f3 Qa5+ 5.c3 Nf6 6.Nd2 cxd4 7.Nb3 Qb6 8.Qxd4 Qxd4
9.cxd4 Nc6 10.Rc1 a5 11.a4 e6 12.e4 Bb4+ 13.Bd2 d6 14.Bb5 Bd7 15.Ne2 Ke7
16.Nc3 Rhc8 17.Na2 Bxd2+ 18.Kxd2 b6 19.Nc3 Nb4 20.Be2 Ne8 21.Nb5 Rxc1 22.Rxc1 Rc8
23.Rc3 Na2 24.Rxc8 Bxc8  1/2-1/2

[Event "Corus Reserve Group"]
[Site "Wijk aan Zee NED"]
[Date "2000.01.23"]
[Round "3"]
[White "Romero Holmes,A"]
[Black "Visser,Y"]
[Result "0-1"]
[WhiteElo "2483"]
[BlackElo "2406"]

1.d4 Nf6 2.Bg5 Ne4 3.Bf4 d5 4.e3 c5 5.Bd3 cxd4 6.Bxe4 dxe4 7.Qxd4 Qxd4 8.exd4 Nc6
9.Ne2 Bg4 10.Nbc3 e6 11.O-O-O Nb4 12.Rde1 Bf5 13.Ng3 Bg6 14.a3 Nc6 15.Rd1 O-O-O
16.Be3 f5 17.f3 exf3 18.gxf3 f4 19.Bxf4 Nxd4 20.Bg5 Rd7 21.Nge4 e5 22.Rd3 Be7
23.Bxe7 Rxe7 24.Re1 Rd8 25.Rde3 Kb8 26.Ne2 Nxf3 27.Rxf3 Bxe4 28.Re3 Bg6 29.Nf4 Bxc2
30.Rxe5 Rxe5 31.Rxe5 Bb3 32.Re1 Rf8 33.Ne2 Re8 34.Kd2 Bc4 35.Ng3 Rxe1 36.Kxe1 Kc7
37.Kd2 Kd6 38.Ke3 Ke5 39.Ne4 b6 40.Ng5 Bg8 41.Nf3+ Kf5 42.Nd4+ Kg4 43.Kf2 Kf4
44.b4 Bc4 45.a4 a5 46.bxa5 bxa5 47.Nc6 Bd5 48.Nxa5 g5 49.Ke2 Ke4 50.Kd2 Kd4
51.Kc2 g4 52.Nb3+ Bxb3+ 53.Kxb3 h5 54.a5 Kc5  0-1

[Event "Perenyi Mem"]
[Site "Gyula HUN"]
[Date "2000.01.28"]
[Round "5"]
[White "Dittmar,P"]
[Black "Groszpeter,A"]
[Result "1/2-1/2"]
[WhiteElo "2308"]
[BlackElo "2470"]

1.d4 Nf6 2.Bg5 Ne4 3.h4 d5 4.Nd2 Nxd2 5.Qxd2 Bf5 6.e3 c6 7.Bd3 Bxd3 8.Qxd3 Qa5+
9.Qd2 Qa6 10.Qd3 Qa5+ 11.Qd2 Qa4 12.Ne2 Nd7 13.h5 e6 14.h6 g6 15.a3 Qa6 16.Qd3 Qxd3
17.cxd3 f6 18.Bf4 g5 19.Bg3 Kf7 20.f4 Kg6 21.fxg5 fxg5 22.Be5 Nxe5 23.dxe5 Bxh6
24.g4 Bg7 25.d4 Raf8 26.Kd2 Rf2 27.Rag1 Rhf8 28.Rh3 h6 29.Ke1 R2f7 30.Rgh1 b6
31.Ng3 c5 32.Nh5 Rh8 33.Ke2 Bf8 34.Nf6 Be7 35.Nh5 cxd4 36.exd4 Rc8 37.Nf6 Bf8
38.Kd3 Rfc7 39.R3h2 a5 40.Nh5 b5 41.Rf2 Rf7 42.Rxf7 Kxf7 43.Rf1+ Ke7 44.Nf6 Bg7
45.Nh5 Bh8 46.Nf6 Bg7 47.Nh5 Bh8  1/2-1/2

[Event "Corus Reserve Group"]
[Site "Wijk aan Zee NED"]
[Date "2000.01.29"]
[Round "9"]
[White "Werner,C"]
[Black "Stellwagen,D"]
[Result "1-0"]
[WhiteElo "2314"]
[BlackElo "2265"]

1.d4 Nf6 2.Bg5 Ne4 3.Bf4 c5 4.e3 cxd4 5.Qxd4 Nd6 6.Bxd6 exd6 7.Nc3 Nc6 8.Qe4+ Be7
9.Nd5 O-O 10.Bd3 g6 11.Nxe7+ Nxe7 12.Nf3 d5 13.Qh4 Kg7 14.O-O d6 15.Rfd1 Be6
16.Qd4+ Kg8 17.c3 a6 18.Qf6 Nc6 19.Qxd8 Rfxd8 20.Be2 Ne5 21.Nd4 Rac8 22.Rab1 Kf8
23.f4 Nd7 24.Bf3 Nf6 25.Nb3 Bf5 26.Rbc1 Be4 27.Rd4 Re8 28.Kf2 Rc7 29.Nd2 Bxf3
30.gxf3 Rce7 31.Nf1 b5 32.Re1 h6 33.h4 Re6 34.Nh2 h5 35.Nf1 Ke7 36.Rb4 Nd7
37.Rd4 Nb6 38.Ng3 f5 39.Nf1 Kd7 40.Re2 Kc6 41.Rd3 Nc4 42.b3 Nb6 43.Rc2 Kd7
44.Ng3 d4 45.Rxd4 Kc6 46.Nf1 a5 47.c4 bxc4 48.bxc4 Na4 49.Rd5 Nc5 50.Rb2 a4
51.Rb5 R6e7 52.Rd1 Rb7 53.Rxb7 Nxb7 54.Rb1 Nc5 55.Ke2 Rd8 56.Nd2 Ra8 57.Rb4 a3
58.Nb3 Nxb3 59.Rxb3 Ra6 60.Kd3 d5 61.Kc3 Kd6 62.Rb4 dxc4 63.Rxc4 Ke6 64.e4 fxe4
65.fxe4 Rb6 66.Rb4 Rc6+ 67.Kd2 Rd6+ 68.Ke3 Rd1 69.Ra4 Rh1 70.Ra6+ Kf7 71.Kd4 Rxh4
72.Ke5 Rh3 73.Ra7+ Kg8 74.Kf6 Rf3 75.f5 gxf5 76.e5 Rc3 77.Ra8+ Kh7 78.e6 Rc6
79.Kf7 h4 80.e7 Rc7 81.Kf6 Rxe7 82.Kxe7 Kg6 83.Ke6 Kg5 84.Ke5 h3 85.Rxa3  1-0

[Event "Renome 2000"]
[Site "Bjeljina YUG"]
[Date "2000.02.05"]
[Round "10"]
[White "Sahovic,D"]
[Black "Danilovic,A"]
[Result "1-0"]
[WhiteElo "2412"]
[BlackElo "2378"]

1.d4 Nf6 2.Bg5 Ne4 3.Bf4 d5 4.Nd2 Bf5 5.f3 Nxd2 6.Qxd2 e6 7.e3 Bd6 8.Bxd6 Qxd6
9.c4 O-O 10.Rc1 Nd7 11.c5 Qe7 12.c6 bxc6 13.Rxc6 e5 14.Ne2 Nf6 15.dxe5 Qxe5
16.Qc3 Rfe8 17.Qxe5 Rxe5 18.Nd4 Bd7 19.Rxc7 Rxe3+ 20.Kd2 Ree8 21.Ba6 Red8
22.Rhc1 Ne8 23.R7c5 Nf6 24.b4 Rab8 25.a3 Kf8 26.Rc7 Ra8 27.b5 Ne8 28.R7c5 Nd6
29.Nc6 Nc4+ 30.Kc3 Re8 31.Rxd5 Nb6 32.Rd3 Re2 33.Rcd1 Rxg2 34.Rxd7 Nxd7 35.Rxd7 Rxh2
36.Nxa7 Rh3 37.b6 Rxf3+ 38.Kb4 Rb8 39.b7 Rf6 40.Kb5  1-0

[Event "Extraliga CZE"]
[Site "Ostrava CZE"]
[Date "2000.02.06"]
[Round "9"]
[White "Cech,P"]
[Black "Pisk,P"]
[Result "1/2-1/2"]
[WhiteElo "2356"]
[BlackElo "2419"]

1.d4 Nf6 2.Bg5 Ne4 3.h4 d5 4.Nd2 Nxg5 5.hxg5 e5 6.dxe5 Qxg5 7.Ndf3 Qe7 8.Qd2 g6
9.O-O-O c6 10.e4 Bg7 11.exd5 cxd5 12.Qxd5 Nc6 13.Bb5 O-O 14.Qd6 Qe8 15.Nh3 Bg4
16.Rhe1 Rc8 17.Nhg1 a6 18.Ba4 b5 19.Bb3 Rd8 20.Qc5 Rxd1+ 21.Rxd1 Bxe5 22.Re1 Bf4+
23.Kb1 Qd7 24.a4 Na5 25.Bd5 Bd6 26.Qc3 Nc4 27.Bxc4 bxc4 28.Rd1 Qe6 29.Re1 Qd7  1/2-1/2

[Event "FSIMA February"]
[Site "Budapest HUN"]
[Date "2000.02.08"]
[Round "4"]
[White "Yu Mingyuan"]
[Black "Rajlich,V"]
[Result "1-0"]
[WhiteElo "2419"]
[BlackElo "2309"]

1.d4 Nf6 2.Bg5 Ne4 3.Bh4 c5 4.f3 g5 5.fxe4 gxh4 6.e3 Nc6 7.Nf3 Qb6 8.Nc3 Qxb2
9.Nd5 Nb4 10.Rb1 Nxc2+ 11.Kd2 Qxa2 12.Qxc2 Qxc2+ 13.Kxc2 Kd8 14.Ne5 e6 15.Nxf7+ Ke8
16.Nc7+ Kxf7 17.Nxa8 Rg8 18.Rg1 Bh6 19.Kd3 cxd4 20.exd4 Bf4 21.g3 hxg3 22.hxg3 b6
23.e5 Bxg3 24.Nc7 h5 25.Nb5 Ba6 26.Be2 h4 27.Ke3 Bxb5 28.Bxb5 Ke7 29.Rbc1 Rf8
30.Rgf1 Rxf1 31.Bxf1 a5 32.Rb1 d6 33.exd6+ Bxd6 34.Rxb6 e5 35.Rb7+ Ke6 36.Bh3+ Kd5
37.Rb5+ Kc4 38.Bf1+  1-0

[Event "Petroff Mem Open"]
[Site "St Petersburg RUS"]
[Date "2000.02.08"]
[Round "2"]
[White "Chepukaitis,G"]
[Black "Shaposhnikov,E"]
[Result "1/2-1/2"]
[WhiteElo "2393"]
[BlackElo "2503"]

1.d4 Nf6 2.Bg5 Ne4 3.Bh4 d5 4.f3 Nf6 5.c4 c5 6.cxd5 Qxd5 7.dxc5 Qxd1+ 8.Kxd1 e5
9.e4 Bxc5 10.Bb5+ Ke7 11.Nc3 Be6 12.Nge2 a6 13.Ba4 Rd8+ 14.Kc2 b5 15.Bb3 Nc6
16.Rad1 Be3 17.Kb1 Bxb3 18.axb3 g5 19.Bg3 Ke6 20.h4 h6 21.hxg5 hxg5 22.Nd5 Nxd5
23.exd5+ Rxd5 24.Rh6+ f6 25.Rxf6+ Kxf6 26.Rxd5 Ke6 27.Rd3 Bd4 28.Rd1 Rh8
29.Rc1 Kd5 30.Nc3+ Bxc3 31.bxc3 g4  1/2-1/2

[Event "Petroff Mem Open"]
[Site "St Petersburg RUS"]
[Date "2000.02.10"]
[Round "4"]
[White "Yevseev,D"]
[Black "Varavin,V"]
[Result "1/2-1/2"]
[WhiteElo "2496"]
[BlackElo "2410"]

1.d4 Nf6 2.Bg5 Ne4 3.Bf4 c5 4.f3 Nf6 5.d5 Nh5 6.Be3 e6 7.Nc3 b5 8.Nxb5 Qh4+
9.g3 Qb4+ 10.Nc3 Qxb2 11.Bd2 Qb6 12.e4 d6 13.Rb1 Qd8 14.Bb5+ Bd7 15.f4 Nf6
16.dxe6 fxe6 17.e5 Nd5 18.Nxd5 exd5 19.Nf3 Bxb5 20.Rxb5 Be7 21.O-O Nc6 22.Bc1 d4
23.c3 Rc8 24.cxd4 cxd4 25.Qb3 Rf8 26.Re1 d5 27.Rxd5 Qb6 28.Qxb6 axb6 29.Rb5 Bc5
30.Kg2 Ke7 31.Nd2 Ra8 32.a3 Ke6 33.Ne4 Kd5 34.Nf2 Ra4 35.Rb3 Rc4 36.Nd3 Rc2+
37.Kh3 Kc4 38.Nxc5 bxc5 39.Rb6 Ne7 40.Rb7 Re8 41.e6 g6 42.g4 h5 43.gxh5 gxh5
44.Rxe7 Rxe7 45.f5 Rf2 46.Bg5 Ra7 47.e7 Rxa3+ 48.Be3 Rf3+ 49.Kg2 Raxe3 50.Rxe3 Rxe3
51.f6 d3 52.f7 d2 53.e8=Q Rxe8 54.fxe8=Q d1=Q 55.h4 Qg4+ 56.Kf1 Kd3 57.Qd8+ Kc2
58.Qg5 Qf3+ 59.Ke1 c4 60.Qg6+ Kb2 61.Qc2+  1/2-1/2

[Event "Petroff Mem Open"]
[Site "St Petersburg RUS"]
[Date "2000.02.10"]
[Round "4"]
[White "Chepukaitis,G"]
[Black "Zakharevich,I"]
[Result "0-1"]
[WhiteElo "2393"]
[BlackElo "2486"]

1.d4 Nf6 2.Bg5 Ne4 3.Bh4 c5 4.f3 g5 5.fxe4 gxh4 6.e3 Bh6 7.Kf2 cxd4 8.exd4 e5
9.Nc3 Nc6 10.Qh5 exd4 11.Qxh6 dxc3 12.bxc3 d5 13.exd5 Qxd5 14.Nf3 Be6 15.Qg5 Rd8
16.Qe3 O-O 17.Bd3 Qh5 18.Rhe1 Ne7 19.Rab1 b6 20.c4 Rc8 21.Rb5 Rc5 22.Rxc5 bxc5
23.Qe5 Qxe5 24.Rxe5 Rc8 25.Nxh4 Kg7 26.Nf3 Ng6 27.Re1 Rc6 28.Ng5 Ra6 29.g3 h6
30.Ne4 Rxa2 31.Nd6 Ne7 32.Re5 Nc6 33.Rxc5 Nb4 34.Ke3 Nxc2+ 35.Kf4 Nb4 36.Be4 Rf2+
37.Ke3 Rxh2 38.Ra5 Ra2 39.Rb5 Nc2+ 40.Kf4 Nd4 41.Rb8 Kf6 42.Bd3 Ra3 43.Ne4+ Kg7
44.Nc5 Ra5 45.Nb3 Nxb3 46.Rxb3 Rc5 47.Ra3 a5 48.Ke4 Rg5 49.Be2 Kf6 50.Kd4 Ke7
51.Rc3 Kd6 52.Bd1 Kc6 53.Bf3+ Kc7 54.Bd5 Kd6 55.c5+ Kc7 56.Bxe6 fxe6 57.Re3 Rg4+
58.Kc3 Kd7 59.Kb3 Rb4+ 60.Kc3 Rg4 61.Kb3 Ke7 62.Kc3 a4 63.Kb2 Rg5 64.Rc3 Kd7
65.Rd3+ Rd5 66.Rc3 Kc6 67.Re3 e5 68.Re4 Rxc5 69.Rxa4 Kd5 70.Rh4 Rc6 71.Rh1 e4
72.g4 e3 73.Rg1 Ke4 74.g5 hxg5 75.Rxg5 e2  0-1

[Event "8th Valle d'Aosta Open"]
[Site "Saint Vincent ITA"]
[Date "2000.02.14"]
[Round "3"]
[White "Miladinovic,I"]
[Black "Davies,N"]
[Result "1/2-1/2"]
[WhiteElo "2538"]
[BlackElo "2497"]

1.d4 Nf6 2.Bg5 Ne4 3.Bf4 d5 4.Nd2 Bf5 5.Nxe4 Bxe4 6.e3 e6 7.f3 Bg6 8.h4 h6
9.h5 Bh7 10.Bd3 Bxd3 11.Qxd3 Nc6 12.Ne2 Bd6 13.c3 Qe7 14.g4 O-O-O 15.Bxd6 cxd6
16.a4 Na5 17.e4 dxe4 18.fxe4 d5 19.exd5 Rxd5 20.b4 Nc6 21.Qf3 Rhd8 22.b5 Na5
23.Nf4 Rg5 24.Nh3 Rgd5 25.Nf4 R5d7 26.O-O Nc4 27.Qe2 Rc7 28.a5 Qh4 29.Ng2 Qg3
30.b6 axb6 31.axb6 Nxb6 32.Qb5 Qd6 33.Rab1 Nd5 34.Ra1 Nb6 35.Rab1 Nd5  1/2-1/2

[Event "8th Valle d'Aosta Open"]
[Site "Saint Vincent ITA"]
[Date "2000.02.16"]
[Round "5"]
[White "Stefanova,A"]
[Black "Manca,F"]
[Result "1-0"]
[WhiteElo "2495"]
[BlackElo "2374"]

1.d4 Nf6 2.Bg5 Ne4 3.Bf4 c5 4.d5 Qb6 5.Bc1 e5 6.f3 Nf6 7.e4 d6 8.Nd2 Be7
9.Bd3 O-O 10.a4 Ne8 11.Nc4 Qd8 12.Ne2 Bg5 13.f4 exf4 14.Nxf4 Nd7 15.O-O Ne5
16.Be2 Nxc4 17.Bxc4 Qe7 18.Qe2 h6 19.Nd3 Bxc1 20.Raxc1 Nf6 21.e5 dxe5 22.Qxe5 Qxe5
23.Nxe5 Ne4 24.Rce1 Nd6 25.Bd3 a5 26.b3 Rd8 27.Nc4 Ra6 28.Re7 Nxc4 29.Bxc4 Rf6
30.Rxf6 gxf6 31.Rc7 Bf5 32.Rxb7 Be4 33.Rb5 Bxd5 34.Rxc5 Be4 35.Bf1 Rd2 36.Rxa5 Rxc2
37.Rh5 Kg7 38.Rh3 f5 39.a5 Ra2 40.b4 Ra4 41.Rb3  1-0

[Event "Bundesliga 1999-2000"]
[Site "Dresden GER"]
[Date "2000.02.19"]
[Round "10"]
[White "Breutigam,M"]
[Black "Gauglitz,G"]
[Result "1-0"]
[WhiteElo "2343"]
[BlackElo "2390"]

1.d4 Nf6 2.Bg5 Ne4 3.h4 c5 4.d5 d6 5.Qd3 Nxg5 6.hxg5 Qb6 7.Nd2 Qxb2 8.Rb1 Qxa2
9.e4 Qa5 10.g6 fxg6 11.Qg3 Kd8 12.Nf3 Qc3 13.Bd3 Nd7 14.Ng5 Ne5 15.f4 Nc4
16.Qf2 Nxd2 17.Qxd2 Qxd2+ 18.Kxd2 Kc7 19.Nf7 Rg8 20.Rxh7 g5 21.Nxg5 a5 22.e5 g6
23.exd6+ Kxd6 24.Ne4+ Kxd5 25.Rb6 c4 26.Nc3+ Kd4 27.Rb5 cxd3 28.cxd3  1-0

[Event "Open"]
[Site "Cannes FRA"]
[Date "2000.02.22"]
[Round "3"]
[White "Vasilev,M"]
[Black "Dunnington,A"]
[Result "1/2-1/2"]
[WhiteElo "2312"]
[BlackElo "2372"]

1.d4 Nf6 2.Bg5 Ne4 3.Bh4 c6 4.f3 Qa5+ 5.Nd2 Qh5 6.fxe4 Qxh4+ 7.g3 Qh6 8.Bg2 d6
9.Ngf3 Nd7 10.O-O Nf6 11.Qc1 g6 12.a4 Bg7 13.Ra3 Ng4 14.Re1 Ne3 15.Bh1 O-O
16.Nf1 Nxf1 17.Qxh6 Bxh6 18.Rxf1 f5 19.e5 Be6 20.e3 Rad8 21.exd6 exd6 22.Nd2 c5
23.d5 Bc8 24.Kf2 Rfe8 25.Re1 Bg7 26.Rb3 Re7 27.a5 g5 28.Nc4 f4 29.gxf4 gxf4
30.Kf3 fxe3 31.Rbxe3 Rxe3+ 32.Rxe3 Kf7 33.c3 Bf8 34.Kf2 Re8 35.Be4 Kg7 36.Rg3+ Kh8
37.Rf3 Kg7 38.Bf5 Bxf5 39.Rxf5 Re4 40.b3 Be7 41.Rf3 Rh4 42.Ne3 Rxh2+ 43.Kg1 Ra2
44.Nf5+ Kf6 45.Nxd6+ Ke5 46.Nxb7 Kxd5 47.Rf7 Ke6 48.Rxh7 Ra3 49.Rh5 Rxb3
50.Nxc5+ Bxc5+ 51.Rxc5 Kd6 52.Rh5 Rxc3 53.Rh6+ Kc7 54.Kf2  1/2-1/2

[Event "Jersey Open"]
[Site "St Helier JCI"]
[Date "2000.02.23"]
[Round "4"]
[White "D'Costa,L"]
[Black "Simons,M"]
[Result "1/2-1/2"]
[WhiteElo "2215"]
[BlackElo "2248"]

1.d4 Nf6 2.Bg5 Ne4 3.Bf4 c5 4.f3 Qa5+ 5.c3 Nf6 6.Nd2 cxd4 7.Nb3 Qb6 8.Qxd4 Nc6
9.Qxb6 axb6 10.Nd4 e5 11.Nxc6 exf4 12.Nd4 Nd5 13.g3  1/2-1/2

[Event "Open"]
[Site "Cannes FRA"]
[Date "2000.02.24"]
[Round "5"]
[White "Goldenberg,R"]
[Black "Pira,D"]
[Result "0-1"]
[WhiteElo "2293"]
[BlackElo "2450"]

1.d4 Nf6 2.Bg5 Ne4 3.Bf4 c5 4.f3 Qa5+ 5.c3 Nf6 6.Nd2 cxd4 7.Nb3 Qb6 8.Qxd4 Nc6
9.Qxb6 axb6 10.Nd4 e5 11.Nxc6 exf4 12.Nd4 Nd5 13.e4 fxe3 14.Bc4 Nc7 15.Nge2 Bc5
16.b4 Bxd4 17.Nxd4 d5 18.Bb3 O-O 19.Ke2 Re8 20.Rhd1 Bd7 21.Rd3 Ne6 22.Nxe6 fxe6
23.Rxe3 b5 24.f4 Rf8 25.Rf1 Rf6 26.g3 Raf8 27.Re5 Be8 28.Ke3 Bg6 29.g4 h6
30.h4 Rc8 31.Kd4 Rcf8 32.Ke3 Bf7 33.g5 Rf5 34.Kd4 Bg6 35.Rxf5 Bxf5 36.Ke5 g6
37.Rg1 h5 38.Rf1 Kf7 39.Rf2 Ke7 40.a4  0-1